000 00574nam a2200193Ia 4500
005 20260120132008.0
008 008 260114s9999 xx 000 0 eng d
020 _a9780197723333
037 _aEBOOK
040 _aCRL
_beng
_cCRL
041 _aeng
_2eng
084 _qCRL
100 _aAlonso
_9933668
245 4 _aThe Burden of Modernity The Rhetoric of Cultural Discourse in Spanish America
260 _bOxford University PressOxford University Press
_c2023
856 _uhttps://academic.oup.com/book/48878
942 _cEBOOK
999 _c1525591
_d1525591